Giáo trình nhiệt học /

Chương 1: Nhiệt độ

Na minha lista:
Detalhes bibliográficos
Autor principal: Nguyễn Huy Sinh
Formato: Livro
Idioma:Vietnamese
Publicado em: H. : Nhà xuất bản Giáo dục Việt Nam , 2011
Edição:Tái bản lần thứ 3
Assuntos:
Tags: Adicionar Tag
Sem tags, seja o primeiro a adicionar uma tag!
Thư viện lưu trữ: Thư viện Trường CĐ Kỹ Thuật Cao Thắng
LEADER 01696nam a2200349 a 4500
001 TVCDKTCT14549
003 Thư viện trường Cao đẳng Kỹ thuật Cao Thắng
005 20170529102008.5
008 140331
980 \ \ |a Thư viện Trường CĐ Kỹ Thuật Cao Thắng 
024 |a RG_1 #1 eb0 i1 
041 0 # |a vie 
082 # # |a 536 /   |b G108T-n 
100 1 # |a Nguyễn Huy Sinh 
245 0 0 |a Giáo trình nhiệt học /   |c Nguyễn Huy Sinh 
250 # # |a Tái bản lần thứ 3 
260 # # |a H. :   |b Nhà xuất bản Giáo dục Việt Nam ,   |c 2011 
300 # # |a 219tr. ;   |c 24cm 
520 # # |a Chương 1: Nhiệt độ 
520 # # |a Chương 2: Nhiệt lượng và nguyên lý thứ nhất của nhiệt động lực học 
520 # # |a Chương 3: Thuyết động học chất khí 
520 # # |a Chương 4: Các hiện tượng động học trong chất khí 
520 # # |a Chương 5: Nguyên lý thứ II nhiệt động lực học entropy 
520 # # |a Chương 6: Khí thực và hơi 
520 # # |a Chương 7: Chất lỏng 
520 # # |a Chương 8: Sự chuyển pha 
520 # # |a Cuốn Giáo trình nhiệt học là giúp sinh viên có thể hiểu rõ hơn những vấn đề về lĩnh vực Vật lý, cụ thể hơn là vấn đề về nhiệt học, cuốn sách bao gồm 8 chương : 
650 # 4 |a Giáo trình 
650 # 4 |a Nhiệt học 
650 # 4 |a Vật lí 
721 # # |a CNKT Nhiệt lạnh 
841 # # |b Kho Sách   |j 100042478, 100042489, 100042531, 100042570, 100042645